Biophysical Measurments / (Record no. 181915)
[ view plain ]
| 000 -LEADER | |
|---|---|
| fixed length control field | 00565 a2200169 4500 |
| 003 - CONTROL NUMBER IDENTIFIER | |
| control field | Nust |
| 005 - DATE AND TIME OF LATEST TRANSACTION | |
| control field | 20221123120519.0 |
| 040 ## - CATALOGING SOURCE | |
| Transcribing agency | Nust |
| 082 ## - DEWEY DECIMAL CLASSIFICATION NUMBER | |
| Classification number | 621.3810287,STR |
| 100 ## - MAIN ENTRY--PERSONAL NAME | |
| Personal name | Peter Strong |
| 9 (RLIN) | 103410 |
| 245 ## - TITLE STATEMENT | |
| Title | Biophysical Measurments / |
| Statement of responsibility, etc. | Peter Strong |
| 260 ## - PUBLICATION, DISTRIBUTION, ETC. | |
| Place of publication, distribution, etc. | Text Ronix |
| Name of publisher, distributor, etc. | London |
| Date of publication, distribution, etc. | 1970 |
| 300 ## - PHYSICAL DESCRIPTION | |
| Extent | 500p |
| 505 ## - FORMATTED CONTENTS NOTE | |
| Formatted contents note | Section 1: Physiology and Generation of Biomedical Potentials Within Man (Page-5), Section 2: Measurements Techniques (Page-47), Section 3: Instrumentation(Page-213). |
| 650 ## - SUBJECT ADDED ENTRY--TOPICAL TERM | |
| Topical term or geographic name entry element | Telecommunication Engineering |
| 942 ## - ADDED ENTRY ELEMENTS (KOHA) | |
| Source of classification or shelving scheme | |
| Koha item type | Book |
| Withdrawn status | Lost status | Source of classification or shelving scheme | Damaged status | Not for loan | Permanent Location | Current Location | Shelving location | Date acquired | Full call number | Barcode | Date last seen | Price effective from | Koha item type | Public note |
|---|---|---|---|---|---|---|---|---|---|---|---|---|---|---|
| Military College of Signals (MCS) | Military College of Signals (MCS) | General Stacks | 12/12/2016 | 621.3810287,STR | MCS21560 | 12/08/2016 | 12/12/2016 | Book | Almirah No.32, Shelf No.1 |
